000
00429nam a2200145Ia 4500
008
100122s9999 xx 000 0 und d
082
_b
67642
_a
824
100
_a
बिनिवाले अविनाश
245
_a
माय मरो पण
260
_b
राजहंस प्रकाशन
_c
2005
300
_a
91
630
_a
माय मरो पण
730
_a
माय मरो पण
942
_c
BOOK
999
_c
439570
_d
439567